000 00689nam a2200229 a 4500
999 _c1245
_d1245
001 1245
003 BD-JhCC
005 20171017111756.0
008 171017s2000 bg a|||| ||a| 000 0 ben d
020 _a984555169
035 _a(BD-JhCC)1245
040 _aBD-JhCC
_dBD-JhCC
041 _aben
082 _222
_a709.04032
_bALM 2000
100 _aআলম, রফিকুল
245 _aকিউিবজম ও অনুষঙ্গ /
_cরফিকুল আলম,
260 _aঢাকা :
_bবাংলাদেশ শিল্পকলা একাডেমী,
_c2000
300 _a127 p.;
_c24 cm.
650 _aCubism/ Artists
942 _2ddc
_cBK